000 00449nam a2200181Ia 4500
008 240510s9999 xx 000 0 und d
020 _a0000132424215
041 _aEng
082 _a004.6
082 _bD87
100 _aDUTTON, HARRY J.R. : LENHARD, P.
245 0 _aHIGH SPEED NETWORKING TECHNOLOGY:AN INTRODUCTORY SURVEY
260 _bNEWJERSEY : PRINTICE HALL
260 _c1995
650 _aNETWORKS
942 _2ddc
942 _cLBK
999 _c24235
_d24235
945 _a1
_bMadushi Gamage
_c1
_dMadushi Gamage